000 00623nam a22002057a 4500
005 20220713153208.0
008 220713b ||||| |||| 00| 0 eng d
040 _cAL
041 _aEnglish
082 _223
_a331.767205
_bUNIL
100 _aUnited Steelworkers of America
_948792
245 _aLegislation and you Vol 3
260 _aAmerica
_bUnited steelworkers of America
_c1971
300 _a271 p.
_bPB
_c20x14 cm.
650 _aPension Protection
_948793
650 _aVoter Registration
_948794
650 _aWage and price control
_948795
700 _aUNITED STEELWORKERS OF AMERICA
_948796
942 _2ddc
_cGF
999 _c223742
_d223742